<?xml version="1.0" encoding="UTF-8"?>
<collection xmlns="http://www.loc.gov/MARC21/slim">
 <record>
  <leader>05614nam a2200337 a 4500</leader>
  <controlfield tag="001">kal1241</controlfield>
  <controlfield tag="003">Gr-AtHEAL</controlfield>
  <controlfield tag="005">20160425130825.0</controlfield>
  <controlfield tag="006">m        d        </controlfield>
  <controlfield tag="008">160413s2015    gr      s           gre|c</controlfield>
  <datafield tag="020" ind1=" " ind2=" ">
   <subfield code="a">9789606032646</subfield>
  </datafield>
  <datafield tag="040" ind1=" " ind2=" ">
   <subfield code="a">GR-AtHEAL</subfield>
   <subfield code="b">gre</subfield>
   <subfield code="c">GR-AtHEAL</subfield>
  </datafield>
  <datafield tag="082" ind1="0" ind2="4">
   <subfield code="a">546</subfield>
   <subfield code="2">23</subfield>
  </datafield>
  <datafield tag="100" ind1="1" ind2=" ">
   <subfield code="a">Λιοδάκης, Στέλιος.</subfield>
   <subfield code="8">860</subfield>
  </datafield>
  <datafield tag="245" ind1="1" ind2="0">
   <subfield code="a">Τράπεζα θεμάτων στη γενική ανόργανη χημεία</subfield>
   <subfield code="h">[Ηλεκτρονικός πόρος] </subfield>
   <subfield code="c">Λιοδάκης, Στέλιος ; Κορδάτος, Κωνσταντίνος ; Μαυρόπουλος, Αβραάμ ; Κριτικός αναγνώστης,Κόλλια, Κωνσταντίνα.</subfield>
  </datafield>
  <datafield tag="260" ind1=" " ind2=" ">
   <subfield code="a">Αθήνα :</subfield>
   <subfield code="b">Σύνδεσμος Ελληνικών Ακαδημαϊκών Βιβλιοθηκών,</subfield>
   <subfield code="c">c2015.</subfield>
  </datafield>
  <datafield tag="490" ind1=" " ind2=" ">
   <subfield code="a">Ακαδημαϊκά Ηλεκτρονικά Συγγράμματα και Βοηθήματα Κάλλιπος</subfield>
   <subfield code="8">40</subfield>
  </datafield>
  <datafield tag="520" ind1=" " ind2=" ">
   <subfield code="a">Το προτεινόμενο βιβλίο θα αποτελέσει συμπληρωματικό βοήθημα για την εμπέδωση του μαθήματος της Γενικής Ανόργανης Χημείας. Είναι προφανές ότι η Γενική Ανόργανη Χημεία δεν απευθύνεται αποκλειστικά σε χημικούς, αφού επιστήμονες πολλών ειδικοτήτων, όπως μηχανικοί και τεχνολόγοι, αντλούν ολοένα και περισσότερο στοιχεία για την πρόοδο των εργασιών τους. Με το παραπάνω σκεπτικό, το βιβλίο αυτό θα γραφτεί με απλότητα και σαφήνεια, ώστε να ωφελήσει τους νεοεισερχόμενους σπουδαστές από διαφορετικές σχολές.Η δημιουργία τράπεζας ερωτήσεων- ασκήσεων - προβλημάτων στην Ανόργανη Χημεία έχει διπλό όφελος. Πρώτον υποβοηθεί τους σπουδαστές στην ευχερέστερη ανάγνωση, κατανόηση και εμπέδωση του μαθήματος. Δεύτερον διευκολύνει τους διδάσκοντες, αφού μπορεί να αποτελέσει τη βάση μιας πλούσιας πηγής θεμάτων για την εξέταση των σπουδαστών. Στο Α΄ μέρος θα προτάσσεται επιγραμματικά η θεωρίαΣτο Β’ μέρος του βιβλίου θα καταγραφούν ερωτήσεις κλειστού τύπου (πολλαπλής επιλογής, σωστού-λάθους) και ερωτήσεις ανοικτού τύπου (ανάπτυξης, σύντομης απάντησης και υπολογιστικά προβλήματα). Σε κάθε κεφάλαιο θα χαράσσονται αρχικά οι στόχοι, ενώ η ακολουθούμενη ροή των ερωτήσεων ταξινομείται ανά τύπο ερώτησης και με διαβάθμιση δυσκολίας. Στο τέλος κάθε κεφαλαίου θα προτείνονται δοκιμασίες (test), ώστε να διαγνωσθεί η επίτευξη των στόχων. Ο βαθμός επίδοσης στην παραπάνω δοκιμασία θα σχολιάζεται θετικά ή αρνητικά και θα παραπέμπει, είτε σε επανάληψη και περαιτέρω άσκηση στο ίδιο κεφάλαιο, είτε στο επόμενο κεφάλαιο. Στο Γ’ μέρος του βιβλίου θα δίνονται οι απαντήσεις και οι λύσεις των προβλημάτων. Ιδιαίτερο βάρος θα δίνεται όταν η επιλογή ή απάντηση στα ερωτήματα που τίθενται στο Α’ μέρος του βιβλίου είναι λανθασμένη. Στην περίπτωση αυτή το βιβλίο θα παραθέτει επεξηγήσεις και παραδείγματα, θα παραπέμπει στην ανάγνωση καθορισμένων χωρίων από βασικά συγγράμματα ή ηλεκτρονικούς ισότοπους (sites). Ακόμα, θα δίνονται διαδραστικές δράσεις, ώστε να εξαλειφθεί η παρανόηση και αποκατασταθεί η εμπέδωση.</subfield>
  </datafield>
  <datafield tag="650" ind1=" " ind2="0">
   <subfield code="a">Chemistry, Inorganic</subfield>
   <subfield code="8">2431</subfield>
  </datafield>
  <datafield tag="653" ind1=" " ind2=" ">
   <subfield code="a">Ερωτήσεις ανοικτού τύπου</subfield>
  </datafield>
  <datafield tag="653" ind1=" " ind2=" ">
   <subfield code="a">Ερωτήσεις κλειστού τύπου</subfield>
  </datafield>
  <datafield tag="653" ind1=" " ind2=" ">
   <subfield code="a">Γενική ανόργανη χημεία</subfield>
  </datafield>
  <datafield tag="653" ind1=" " ind2=" ">
   <subfield code="a">Χημεία/Γενική χημεία</subfield>
   <subfield code="a">Ανόργανη χημεία</subfield>
  </datafield>
  <datafield tag="700" ind1="1" ind2=" ">
   <subfield code="a">Κορδάτος, Κωνσταντίνος</subfield>
   <subfield code="e">Συγγραφέας</subfield>
   <subfield code="8">1091</subfield>
  </datafield>
  <datafield tag="700" ind1="1" ind2=" ">
   <subfield code="a">Μαυρόπουλος, Αβραάμ</subfield>
   <subfield code="e">Συγγραφέας</subfield>
   <subfield code="8">1092</subfield>
  </datafield>
  <datafield tag="700" ind1="1" ind2=" ">
   <subfield code="a">Κόλλια, Κωνσταντίνα</subfield>
   <subfield code="e">Κριτικός αναγνώστης</subfield>
   <subfield code="8">863</subfield>
  </datafield>
  <datafield tag="856" ind1="4" ind2="0">
   <subfield code="u">http://hdl.handle.net/11419/1241</subfield>
   <subfield code="z">Πλήρες Κείμενο - Full text</subfield>
  </datafield>
  <datafield tag="907" ind1=" " ind2=" ">
   <subfield code="a">.b25679247</subfield>
   <subfield code="b">12-06-18</subfield>
   <subfield code="c">29-07-16</subfield>
  </datafield>
  <datafield tag="949" ind1=" " ind2=" ">
   <subfield code="0">0</subfield>
   <subfield code="1">0</subfield>
   <subfield code="2">ddc</subfield>
   <subfield code="4">0</subfield>
   <subfield code="6">546_000000000000000_ΛΙΟ</subfield>
   <subfield code="7">0</subfield>
   <subfield code="8">KALL</subfield>
   <subfield code="8">683</subfield>
   <subfield code="d">2016-04-13</subfield>
   <subfield code="r">2016-04-13</subfield>
   <subfield code="w">2016-04-13</subfield>
   <subfield code="z">546 ΛΙΟ</subfield>
   <subfield code="o">SEAB KALLIPOS</subfield>
  </datafield>
  <datafield tag="998" ind1=" " ind2=" ">
   <subfield code="a">80</subfield>
   <subfield code="a">01</subfield>
   <subfield code="a">02</subfield>
   <subfield code="a">03</subfield>
   <subfield code="a">04</subfield>
   <subfield code="a">05</subfield>
   <subfield code="a">06</subfield>
   <subfield code="a">07</subfield>
   <subfield code="a">08</subfield>
   <subfield code="a">09</subfield>
   <subfield code="a">10</subfield>
   <subfield code="a">11</subfield>
   <subfield code="a">12</subfield>
   <subfield code="a">13</subfield>
   <subfield code="a">14</subfield>
   <subfield code="a">15</subfield>
   <subfield code="a">16</subfield>
   <subfield code="a">17</subfield>
   <subfield code="a">18</subfield>
   <subfield code="a">19</subfield>
   <subfield code="a">20</subfield>
   <subfield code="a">21</subfield>
   <subfield code="a">22</subfield>
   <subfield code="a">23</subfield>
   <subfield code="a">24</subfield>
   <subfield code="a">25</subfield>
   <subfield code="a">26</subfield>
   <subfield code="b">15-05-17</subfield>
   <subfield code="c">m</subfield>
   <subfield code="d">z  </subfield>
   <subfield code="e">-</subfield>
   <subfield code="f">gre</subfield>
   <subfield code="g">gr </subfield>
   <subfield code="h">0</subfield>
  </datafield>
  <datafield tag="942" ind1=" " ind2=" ">
   <subfield code="2">ddc</subfield>
   <subfield code="c">KALLIPOS</subfield>
  </datafield>
 </record>
</collection>
